000 00461nam a2200181Ia 4500
001 2570
003 IN-NITTTR
005 20251114232933.0
008 251113s9999||||xx |||||||||||||| ||eng||
040 _beng
040 _cIN-NITTTR
041 _aeng
082 _a629.13238 H55M
100 _aHill, Philip G.
245 0 _aMechanics and thermodynamics of propulsion /
_cHill, Philip G., Peterson, Carl R.
700 _a Peterson, Carl R.
942 _2ddc
_cBK
999 _c4050
_d4050